书目信息 |
| 题名: |
酬勤
|
|
| 作者: | 林卫忠 著 | |
| 分册: | ||
| 出版信息: | 长春 吉林人民出版社 2018 |
|
| 页数: | 184页 | |
| 开本: | 24cm | |
| 丛书名: | 名师名校名校长书系 | |
| 单 册: | ||
| 中图分类: | G630-53 | |
| 科图分类: | ||
| 主题词: | 教育研究--中小学--文集 | |
| 电子资源: | ||
| ISBN: | 978-7-206-15780-6 | |
| 000 | 00924nam0 2200265 450 | |
| 001 | 012001002474 | |
| 005 | 20131029091729.0 | |
| 010 | @a978-7-206-15780-6@dCNY45.00 | |
| 100 | @a20190313d2018 em y0chiy50 ea | |
| 101 | 0 | @achi |
| 102 | @aCN@b220000 | |
| 105 | @aa z 000yy | |
| 106 | @ar | |
| 200 | 1 | @a酬勤@9chou qin@e30年的专注与坚守@f林卫忠著 |
| 210 | @a长春@c吉林人民出版社@d2018 | |
| 215 | @a184页@c照片@d24cm | |
| 225 | 1 | @a名师名校名校长书系 |
| 330 | @a本书分“上篇思考”“中篇探索”“下篇报道”,收录的文章包括:《对学生心理健康及学校素质教育的思考》《全面提高教师素质,扎实推进素质教育》《媒体对个人的部分报道》等。 | |
| 461 | 0 | @12001 @a名师名校名校长书系 |
| 517 | 1 | @a30年的专注与坚守@930 nian de zhuan zhu yu jian shou |
| 606 | 0 | @a教育研究@x中小学@j文集 |
| 690 | @aG630-53@v5 | |
| 701 | 0 | @a林卫忠@9lin wei zhong@4著 |
| 801 | 0 | @aCN@b江苏凤凰@c20191020 |
| 905 | @b1229174-7@dG630-53@e750@f4 | |
| 酬勤:30年的专注与坚守/林卫忠著.-长春:吉林人民出版社,2018 |
| 184页:照片;24cm.-(名师名校名校长书系) |
| ISBN 978-7-206-15780-6:CNY45.00 |
| 本书分“上篇思考”“中篇探索”“下篇报道”,收录的文章包括:《对学生心理健康及学校素质教育的思考》《全面提高教师素质,扎实推进素质教育》《媒体对个人的部分报道》等。 |
| ● |
| 相关链接 |
|
|
|
|
正题名:酬勤
索取号:G630-53/750
 
预约/预借
| 序号 | 登录号 | 条形码 | 馆藏地/架位号 | 状态 | 备注 |
| 1 | 1229174 | 212291740 | 第一样本阅览室/ [索取号:G630-53/750] | 在馆 | |
| 2 | 1229175 | 212291759 | 教育系资料室/ [索取号:G630-53/750] | 在馆 | |
| 3 | 1229176 | 212291768 | 教育系资料室/ [索取号:G630-53/750] | 在馆 | |
| 4 | 1229177 | 212291777 | 第四借阅区/ [索取号:G630-53/750] | 在馆 |